| 000 | 00845nam a22002417a 4500 | ||
|---|---|---|---|
| 999 |
_c16257 _d16257 |
||
| 003 | AR-CdUCM | ||
| 008 | 190502b ||||| |||| 00| 0 spa d | ||
| 040 |
_aMUNICIPALIDAD PROVINCIAL DEL CUSCO _cBIBLIOTECA MUNICIPAL DEL CUSCO |
||
| 082 |
_a848.74 / _bB198 |
||
| 100 |
_aBalzac, Honoré de _924086 |
||
| 245 | _aLa piel de onagro / | ||
| 260 |
_aBuenos Aires : _batlantida, _c1940. |
||
| 300 |
_a136 páginas ; _bIlustraciones, _c17 cm. |
||
| 440 |
_aBiblioteca billiken _nColección roja _935595 |
||
| 505 | _aContenido: El talismán -- Mujer sin corazón -- La agonía -- Epilogo. | ||
| 650 |
_aNovelas francesas _9571 |
||
| 650 |
_aNovelas de costumbres _9168 |
||
| 650 |
_aFrancia _91444 |
||
| 700 |
_aAyala, Francisco (traducción) _935596 |
||
| 700 |
_aLisa (ilustraciones) _935597 |
||
| 942 |
_2ddc _cLIBROS |
||
| 945 |
_adavv _d02/05/2019 |
||